[Event "32nd Reykjavik Open 2017"]
[Site "Reykjavik"]
[Date "2017.04.27"]
[Round "10"]
[White "Liang, Awonder"]
[Black "Abrahamyan, Tatev"]
[Result "0-1"]
[WhiteElo "2483"]
[BlackElo "2364"]
[Annotator "TA"]
[PlyCount "80"]
[EventDate "2017.??.??"]
[EventType "swiss"]
[EventCountry "ISL"]
[SourceTitle "playchess.com"]
[Source "ChessBase"]
[SourceQuality "1"]

{[%evp 17,80,23,33,0,0,0,0,0,36,0,0,0,20,-35,-35,-42,-19,-73,-65,-106,-96,-95,-85,-110,-115,-144,-138,-154,-157,-216,-224,-421,-414,-404,-311,-873,-856,-832,-808,-819,-349,-364,-352,-347,-356,-347,-215,-279,-234,-230,-237,-399,-395,-412,-368,-416,-389,-468,-441,-550,-489,-964,-925,-1175,-969]} 1. d4 Nf6 2. c4 e6 3. Nf3 b6 4. g3 Bb7 5. Bg2 Be7 6. O-O O-O 7. d5 exd5 8. Nh4 Ne4 9. cxd5 Nd6 {LiveBook: 11 Games. E17: Queen's Indian: 4 g3 Bb7 5 Bg2 Be7} 10. e4 $146 (10. Nf3 Bf6 11. Nc3 Na6 12. Bf4 Bxc3 13. bxc3 Nc5 14. Qc2 Qf6 15. Nd4 Rfe8 16. Rfe1 Ba6 17. Rad1 {1-0 (46) Artemiev,V (2595)-Belous,V (2569) Moscow 2014}) 10... Bxh4 11. gxh4 Qxh4 {The position is equal.} 12. Nc3 Qe7 13. f4 f6 14. Re1 c6 15. e5 (15. Be3 $11) 15... fxe5 16. fxe5 Nf5 $1 17. e6 (17. d6 $11 {keeps the balance.} Qe8 18. Qg4) 17... dxe6 $1 $17 18. Rxe6 Qc5+ 19. Kh1 cxd5 20. Bg5 {[%cal Rc3d5]} Nc6 21. Nxd5 Ncd4 22. Re5 Kh8 $1 $36 {[%mdl 2048] ...Rae8 is the strong threat. Black has strong initiative.} ({Don't do} 22... Qd6 23. Rxf5 Rxf5 24. Ne7+ Kf8 25. Bxb7 (25. Nxf5 Bxg2+ 26. Kg1 Nxf5 $17) 25... Rxg5 26. Qd2 Qxe7 27. Bxa8 $15) 23. Qg4 (23. Qh5 $17) 23... Rae8 $19 24. Rae1 $2 (24. Rxe8 {was the only chance.} Rxe8 25. Nf6 Bxg2+ 26. Qxg2) 24... Rxe5 25. Rxe5 Qc2 26. h3 $2 (26. Qe4 Qxb2 27. Re8 Qa1+ 28. Qe1 Qxe1+ 29. Rxe1) 26... Qb1+ 27. Kh2 Qxb2 28. Bf4 {[#]} g5 (28... Nh4 $142 $1 {[%mdl 512] ( -> ...Ndf3+)} 29. Kh1 {[#]} (29. Qxh4 Nf3+) 29... Nhf3 $1 {[%mdl 512]} 30. Bxf3 Nxf3 31. Qxf3 Qxe5 $1 {[%mdl 512]} 32. Bxe5 Rxf3) 29. Bxg5 {[#]} Nf3+ $1 {[%mdl 512]} 30. Qxf3 Qxe5+ 31. Bf4 Qg7 32. Qe4 {Hoping for Be5.} Qg6 33. Be5+ Ng7 {Strongly threatening ...Rf2.} 34. Qh4 $2 (34. Qd4 Qf7 35. Qg4) 34... h6 (34... Bxd5 $2 35. Bxd5 h6 36. Qd4 $19) 35. Qd4 Rf7 36. Be4 Qe6 37. Nf6 Bxe4 {Black is clearly winning.} ({Not} 37... Qxa2+ 38. Kg1 Rxf6 39. Bxf6 Bxe4 40. Bxg7+ (40. Qxe4 Qf7 41. Be5 Kg8 $19) 40... Kh7 41. Qxe4+ Kxg7 42. Qe5+ Kg6 43. Qd6+ Kg7 44. Qd4+ Kg6 45. Qd3+ Kg7 46. Qd4+ Kg8 47. Qd8+ Kg7 48. Qd4+ $17) 38. Nxe4 Qxa2+ 39. Kg3 (39. Kg1 $142 Qb1+ 40. Kh2) 39... Kh7 40. Nd6 Nf5+ 0-1

[Event "32nd Reykjavik Open 2017"]
[Site "Reykjavik"]
[Date "2017.04.27"]
[Round "10"]
[White "Praggnanandhaa R"]
[Black "Andreikin, Dmitry"]
[Result "0-1"]
[WhiteElo "2447"]
[BlackElo "2734"]
[Annotator "TA"]
[PlyCount "162"]
[EventDate "2017.??.??"]
[EventType "swiss"]
[EventCountry "ISL"]
[SourceTitle "playchess.com"]
[Source "ChessBase"]
[SourceQuality "1"]

{[%evp 22,162,-8,0,0,0,0,-4,-6,-22,-14,-25,-16,-23,-18,-43,-45,-33,-38,-42,-31,-36,-35,-35,-25,-20,0,-39,-36,-51,-46,-40,-55,-67,-52,-48,-34,-68,-49,-51,0,-61,-56,-57,-43,-37,0,-62,-36,-35,-30,-30,-31,-23,-21,-18,-12,-22,-23,-35,-39,-22,-17,-32,-24,-35,-37,-37,-8,-8,-8,-8,-8,-8,-8,-22,-22,-24,-20,-85,-100,-168,-80,-434,-426,-321,-310,-320,-305,-306,-304,-298,-223,-222,-224,-419,-380,-660,-612,-1947,-1550,-4137,-3314,-1567,-1147,-812,-758,-772,-784,-767,-767,-675,-635,-597,-518,-497,-463,-29975,-29978,-29973,-29979,-29977,-29977,-29977,-29977,-29972,-29973,-29980,-29979,-29990,-29991,-29991,-29992,-29992,-29993,-29993,-29994,-29994,-29995,-29997,-29991,-29998,-29999]} 1. e4 c5 2. Nf3 e6 3. d4 cxd4 4. Nxd4 Nc6 5. Nc3 d6 6. Be2 Nf6 7. O-O Be7 8. Be3 O-O 9. f4 e5 10. Nb3 exf4 11. Rxf4 Be6 12. Nd5 Bxd5 {B83: Sicilian Scheveningen: 6 Be2, lines without ...a6} 13. exd5 Ne5 14. c4 ({Relevant:} 14. Rb4 Qc7 15. a4 Nfd7 16. Nd4 g6 17. Nb5 Qa5 18. c3 a6 19. Na3 Qc7 20. a5 {0-1 (86) Duda,J (2587)-Polgar,J (2685) Budapest 2014}) 14... Nfd7 {The position is equal.} 15. Rf2 Bg5 16. Bxg5 Qxg5 17. Qd4 b6 $146 ({Predecessor:} 17... a5 18. Raf1 g6 19. Nd2 f5 20. Kh1 {0-1 (42) Yurtseven,C (2375)-Frias Pablaza,V (2425) Thessaloniki 1984}) 18. Nd2 f5 19. Raf1 g6 20. Bd1 Nc5 21. Bc2 a5 22. b3 Rfe8 23. h3 Qg3 24. Rb1 Re7 25. a3 Ncd7 26. Nf1 Qg5 27. Qf4 h6 28. Nd2 Kg7 29. Kf1 Nf6 30. Qd4 Nfd7 31. Qf4 Rae8 32. Kg1 Nf6 33. Qd4 Nfd7 34. Qf4 Nf7 35. Qd4+ Kg8 36. Nf3 Qg3 37. Qh4 $1 {[%cal Rh4g3]} Re1+ 38. Rxe1 Rxe1+ 39. Rf1 Rxf1+ 40. Kxf1 Qxh4 41. Nxh4 $11 {[%mdl 4096] Endgame KBN-KNN} Kg7 42. g4 fxg4 43. Bxg6 Nfe5 44. Bc2 a4 45. Nf5+ Kf6 46. Nxd6 ({Of course not} 46. bxa4 Nxc4 47. hxg4 Nde5 $17) 46... axb3 47. Bxb3 gxh3 48. Kg1 Ng4 49. Ne4+ Kf5 50. Ng3+ (50. Bc2 $11 {keeps the balance.}) 50... Kf4 $17 51. Nh5+ (51. Ne2+ $17 {might work better.} Ke5 52. Nc3) 51... Ke3 (51... Kg5 $19 52. Ng3 Nde5 53. Ne4+ Kf4) 52. d6 $2 {[%mdl 8192]} (52. Ng3 $17 {was the crucial defense.}) 52... Nde5 $19 {[#] ( -> ...Nf3+)} 53. Bd1 h2+ 54. Kg2 Nf2 55. Kxh2 Nxd1 56. Nf6 Kd4 {...Ne3 is the strong threat.} 57. d7 Nf7 {aiming for ...Nb2.} 58. Kg3 $2 (58. d8=R+ Nxd8 59. Nd7) 58... Ne3 ({Much less strong is} 58... Kxc4 59. Ng8 Kd5 60. Kf4 $19) 59. Kh4 $2 (59. Ng8 Nd8 60. Nxh6 Nxc4 61. a4) 59... Nxc4 60. Ng4 Nxa3 61. Nxh6 Nd8 62. Nf5+ Ke4 63. Ng3+ Kf4 64. Ne2+ Kf5 65. Nc3 Ke6 66. Kg4 Kxd7 67. Kf3 Kc6 68. Ke2 {intending Na4.} Ne6 69. Na4 {[#]} (69. Kd2 $19 Nc4+ 70. Kc1) 69... b5 $1 {[%cal Bb6b5,Bb5b4,Bb4b3][%mdl 32] Black mates.} 70. Nc3 b4 71. Kd2 Nc4+ 72. Kd3 Ne5+ 73. Kd2 Nc5 74. Na2 Nc4+ 75. Kc2 b3+ 76. Kb1 Nd3 77. Nc3 Kc5 78. Ka1 Kb4 79. Nd5+ Ka3 80. Nc3 b2+ 81. Kb1 Kb3 0-1

[Event "32nd Reykjavik Open 2017"]
[Site "Reykjavik"]
[Date "2017.04.27"]
[Round "10"]
[White "Christiansen, Johan-Sebastian"]
[Black "Jones, Gawain C B"]
[Result "1-0"]
[WhiteElo "2429"]
[BlackElo "2671"]
[Annotator "TA"]
[PlyCount "94"]
[EventDate "2017.??.??"]
[EventType "swiss"]
[EventCountry "ISL"]
[SourceTitle "playchess.com"]
[Source "ChessBase"]
[SourceQuality "1"]

{[%evp 17,94,16,21,0,0,0,21,16,15,12,10,0,0,0,0,0,0,0,0,0,0,0,0,0,0,0,10,-6,0,-27,0,0,0,0,-3,-8,0,0,0,0,0,0,70,81,263,284,330,342,338,311,289,265,399,378,547,389,861,849,795,750,700,701,1993,1818,3489,3000,29936,6365,5627,5202,29973,29975,29982,29983,29983,29984,29989,29990,29991]} 1. Nf3 c5 2. c4 g6 3. g3 Bg7 4. Bg2 Nc6 5. Nc3 e5 6. O-O Nge7 {[%cal Bg8e7,Be7d5,Bd5c3][%mdl 32]} 7. a3 O-O 8. Rb1 d5 9. cxd5 Nxd5 10. Nxe5 {A37: Symmetrical English vs ...g6: 4 Bg2 Bg7 5 Nf3} (10. Nxd5 Qxd5 11. d3 e4 12. dxe4 Qxe4 13. Be3 Qe7 14. Qa4 Bd7 15. Qh4 Qxh4 16. Nxh4 Nd4 17. Bxd4 cxd4 18. Bxb7 {1-0 (66) Radjabov,T (2734)-Grischuk,A (2810) Beijing 2014}) 10... Nxc3 11. Nxc6 Nxe2+ 12. Qxe2 {The position is equal.} bxc6 13. d3 $1 (13. Bxc6 Bf5 14. Ra1 (14. Bxa8 $2 Qxa8 15. Re1 Bxb1 $19) 14... Rc8 $17) 13... Bf5 14. Be4 Re8 15. Be3 Bxe4 16. dxe4 Rxe4 17. Qc2 Qe8 $146 (17... Qd5 18. Qxc5 Qxc5 19. Bxc5 {1-0 (47) Hauchard,A (2490)-Aubert,L (2285) Maromme 1994}) 18. Qxc5 h5 {[%cal Bh7h5,Bh5h4,Bh4h3][%mdl 32]} 19. Rfc1 Rd8 20. Rd1 Rxd1+ 21. Rxd1 h4 22. Qxa7 h3 23. Qb6 {Hoping for Rd8.} Kh7 24. Qb3 Bd4 {[%cal Rd4e3]} 25. Rd3 $36 {[%mdl 2048] White fights for an advantage.} c5 {...c4! is the strong threat.} 26. Kf1 $1 Re7 27. Qc4 Qa8 28. Ke2 {Threatening b4.} Qe4 29. b4 Qg4+ ({Black should play} 29... Rb7 $1 $11) 30. f3 $14 Qg5 $2 {[#]} (30... Qh5 $16 31. bxc5 Bxc5) 31. Qxf7+ $1 $18 {[%mdl 512]} Bg7 {next ...Qxe3+ is good for Black.} (31... Rxf7 32. Bxg5) 32. Qf4 ({And not} 32. bxc5 Qxe3+ 33. Rxe3 Rxf7 $15) 32... Qxf4 33. gxf4 {[%mdl 4096] Endgame KRB-KRB} c4 34. Rd5 Bb2 (34... g5 {was worth a try.}) 35. a4 c3 (35... g5 $142) 36. Rc5 (36. Kd3 Rxe3+ 37. Kxe3 c2 38. Rd7+ Kg8 $11) 36... c2 $2 (36... Ba3 37. Rxc3 Bxb4) 37. Rxc2 Bd4 38. Kd3 Bxe3 {KRB-KR} 39. Re2 Rb7 40. Kxe3 ({Weaker is} 40. Rxe3 Rxb4 41. a5 Ra4 $16) 40... Rxb4 {[#] KR-KR} 41. Ra2 $1 ({Not} 41. a5 Ra4 42. Kf2 Rxa5 $16) 41... Rb3+ 42. Ke4 Rb4+ 43. Ke5 Rb1 44. a5 {[%cal Ba4a5,Ba5a6,Ba6a7][%mdl 32] White mates.} Rg1 45. a6 Rg2 46. Ra1 Rxh2 47. a7 Re2+ 1-0

[Event "32nd Reykjavik Open 2017"]
[Site "Reykjavik"]
[Date "2017.04.27"]
[Round "10"]
[White "Nihal Sarin"]
[Black "Stefansson, Hannes"]
[Result "0-1"]
[WhiteElo "2424"]
[BlackElo "2566"]
[Annotator "TA"]
[PlyCount "92"]
[EventDate "2017.??.??"]
[EventType "swiss"]
[EventCountry "ISL"]
[SourceTitle "playchess.com"]
[Source "ChessBase"]
[SourceQuality "1"]

{[%evp 19,92,-40,-39,-33,-22,-30,-24,-64,-29,-33,-28,-44,-31,-31,-31,-29,-34,-34,-41,-49,-52,-52,-50,-53,-49,-59,-24,-26,-28,-24,-24,-33,-25,-25,-25,-41,-49,-43,-57,-133,-125,-129,-108,-210,-99,-336,-331,-335,-308,-594,-666,-672,-660,-627,-571,-472,-470,-29961,-5155,-29950,-5820,-29966,-29959,-29974,-29976,-29976,-29977,-29977,-29978,-29978,-29979,-29979,-29980,-29977,-29977]} 1. Nf3 Nf6 2. c4 c6 3. d4 d5 4. e3 Bg4 5. h3 Bh5 6. Nc3 e6 7. g4 Bg6 8. Ne5 {D11: Slav Defence: 3 Nf3 sidelines and 3...Nf6 4 e3 Bg4} Nbd7 9. h4 (9. Nxg6 hxg6 10. a3 g5 11. Bd2 g6 12. Qf3 a6 13. Bd3 dxc4 14. Bxc4 b5 15. Bf1 c5 {1-0 (50) Andreikin,D (2736)-Aronian,L (2780) Wijk aan Zee 2017}) 9... dxc4 10. Nxd7 Qxd7 {LiveBook: 3 Games} 11. Bxc4 {Threatening h5.} h5 12. g5 Nd5 13. Bd3 Bb4 $146 (13... Bxd3 14. Qxd3 Bd6 15. a3 {0-1 (46) Stepa,R-Post,H Muenster 1995}) 14. Qc2 $1 (14. Bxg6 Nxc3 15. bxc3 Bxc3+ 16. Bd2 Qd5 $15) 14... Bxd3 15. Qxd3 c5 16. Bd2 Rc8 17. dxc5 Nxc3 18. Qxd7+ Kxd7 19. Bxc3 Bxc3+ ({Weaker is} 19... Bxc5 20. Bxg7 Rhd8 21. Ke2 $16) 20. bxc3 Rxc5 $15 {[%mdl 4096] Endgame KRR-KRR} 21. O-O-O+ Ke7 22. Kb2 Rd8 23. Rxd8 Kxd8 $11 {KR-KR} 24. Rd1+ Ke7 25. Rd4 e5 26. Rb4 b6 27. a4 f6 28. gxf6+ Kxf6 29. f4 (29. Kc2 $15) 29... exf4 $1 $17 30. Rxf4+ Rf5 $1 {[%cal Rf5f4]} 31. Rc4 {[#]} (31. Rd4 $17 {might work better.}) 31... Re5 (31... g5 $1 $19 {is more deadly. aiming for ...g4.} 32. Rc6+ Ke5 33. hxg5 Rxg5) 32. e4 $2 {[#]} (32. Rf4+ $17 Rf5 33. Rc4) 32... Rc5 $1 $19 {[%cal Rc5c4]} 33. Rd4 g5 34. hxg5+ $2 (34. Kc2) 34... Kxg5 ({Not} 34... Rxg5 35. Kc2 $17) 35. Kc2 h4 36. Rd1 h3 37. Kd3 Kf4 38. Kd4 (38. Ke2 $19 Rxc3 39. Kf2) 38... Rc8 39. Rf1+ Kg3 40. e5 h2 {Black mates.} 41. e6 Kg2 42. Ra1 h1=Q 43. Rxh1 Kxh1 44. c4 Kg2 45. Kd5 Kf3 46. e7 Ke3 0-1

[Event "32nd Reykjavik Open 2017"]
[Site "Reykjavik"]
[Date "2017.04.27"]
[Round "10"]
[White "Pigott, John C"]
[Black "Shirov, Alexei"]
[Result "1-0"]
[WhiteElo "2381"]
[BlackElo "2693"]
[Annotator "TA"]
[PlyCount "51"]
[EventDate "2017.??.??"]
[EventType "swiss"]
[EventCountry "ISL"]
[SourceTitle "playchess.com"]
[Source "ChessBase"]
[SourceQuality "1"]

{[%evp 22,51,0,0,0,0,-13,-4,18,6,59,52,96,92,145,145,135,53,105,93,101,82,258,258,257,241,260,257,202,210,256,250]} 1. e4 c5 2. Nf3 Nc6 3. Bb5 d6 4. O-O Bd7 5. Re1 a6 6. Bf1 Bg4 7. d3 Nf6 8. Nbd2 e6 9. h3 Bh5 10. c3 Be7 11. g4 Bg6 12. Nh4 {[%cal Bf3h4,Bh4g2,Bg2f4][%mdl 32]} Nd7 {B51: Sicilian: Moscow Variation (3 Bb5+) without 3...Bd7} 13. Ng2 h5 ({Relevant:} 13... O-O 14. f4 h6 15. Nf3 Bh7 16. f5 Nde5 17. Nf4 Nxf3+ 18. Qxf3 Bh4 19. Rd1 b5 20. Qe2 {1-0 (65) Caruana,F (2774)-Gelfand,B (2755) Moscow 2013}) 14. Nf4 {[%cal Rg4h5]} Nde5 {The position is equal.} 15. gxh5 Bh7 $146 ({Predecessor:} 15... Bg5 16. hxg6 Bxf4 17. gxf7+ Kxf7 18. Nf3 Qf6 19. Bxf4 Qxf4 20. Re3 Ke7 21. Nxe5 Nxe5 22. Qe2 Raf8 23. Bg2 c4 24. dxc4 g5 {½-½ (24) Levine,Y (2062)-Horvat,D (2192) Iasi 2011}) 16. Nb3 Bh4 17. Ng2 Qf6 (17... Be7 $142) 18. Nxh4 $16 Qxh4 19. Re3 {[#]} ({White should play} 19. d4 $16) 19... f5 ({Better is} 19... c4 $1 $14 {[%mdl 512]}) 20. d4 {[%cal Bd3d4,Bd4e5][%mdl 32] Strongly threatening exf5.} f4 {[#]} 21. Re1 $1 Bg6 $2 (21... Nf7 $16 {was necessary.}) 22. hxg6 $18 (22. dxe5 Rxh5 23. Bg2 (23. Qxd6 $2 Rg5+ 24. Bg2 Qxh3 25. Qxe6+ Qxe6 $19) 23... Rg5 $14) 22... Rh6 23. Bxf4 ({Don't choose} 23. dxe5 $2 Rxg6+ 24. Bg2 (24. Kh1 {is a self mate.} Qxf2 25. Qg4 Rxg4 26. hxg4 O-O-O 27. Bh3 Rh8 28. Re3 fxe3 29. exd6 Rxh3#) 24... Qxh3 $19) 23... Qxf4 24. dxe5 Rxg6+ {[#]} 25. Bg2 $1 Qg5 {[%csl Gg6][%cal Rg5g2]} 26. Qg4 $1 1-0

[Event "32nd Reykjavik Open 2017"]
[Site "Reykjavik"]
[Date "2017.04.27"]
[Round "10"]
[White "Henderson de La Fuente, Lance"]
[Black "Perelshteyn, Eugene"]
[Result "0-1"]
[WhiteElo "2372"]
[BlackElo "2509"]
[Annotator "TA"]
[PlyCount "84"]
[EventDate "2017.??.??"]
[EventType "swiss"]
[EventCountry "ISL"]
[SourceTitle "playchess.com"]
[Source "ChessBase"]
[SourceQuality "1"]

{[%evp 13,84,33,22,-7,6,11,3,12,26,-32,57,41,66,50,56,34,49,0,7,5,15,18,25,24,8,11,18,22,50,0,-20,-20,-8,-18,-14,-33,-33,-33,-37,-108,-97,-100,-100,-100,-93,-99,-93,-95,-89,-196,-112,-145,-103,-225,-185,-304,-142,-230,-224,-189,-203,-1211,-1211,-1371,-792,-1960,-1987,-29962,-2973,-6291,-6187,-4898,-4810]} 1. e4 c5 2. Nf3 g6 3. c4 Bg7 4. d4 Qb6 5. Nc3 {A40: Unusual replies to 1 d4} (5. dxc5 Qxc5 6. a3 d6 7. Be2 Bg4 8. O-O Nc6 9. b4 Qb6 10. Be3 Qd8 11. Ra2 Nf6 12. Nc3 Nd7 {½-½ (59) Grachev,B (2687)-Kulaots,K (2586) Legnica 2013}) 5... cxd4 6. Nd5 Qa5+ 7. b4 Qd8 {LiveBook: 21 Games} 8. Bg5 Nf6 $146 (8... f6 9. Qxd4 e6 10. Ne3 Qe7 11. Bh4 Qxb4+ 12. Nd2 Nc6 {1-0 (73) Kishnev,S (2498)-Hausrath,D (2474) Belgium 2001}) 9. Be2 O-O 10. O-O Nc6 11. b5 (11. Nxd4 Nxd5 12. Nxc6 dxc6 $17) (11. Bxf6 $1 $11 exf6 12. b5 (12. Nxd4 f5 13. Nb5 d6 $15)) 11... Na5 ({Black should play} 11... Nxe4 $15 12. Bh4 (12. bxc6 Nxg5 13. c7 Nxf3+ 14. Bxf3 Qe8 $15) 12... f6) 12. Nxd4 $14 Re8 13. Qd3 b6 14. f4 Bb7 15. Bf3 Nxd5 16. cxd5 Qb8 17. Rac1 h6 18. Bh4 Qxf4 19. Bg3 Qg5 20. Be2 {[#] Hoping for Nf3.} e5 21. Nb3 (21. dxe6 $14 dxe6 22. Nc6) 21... Nxb3 $11 22. axb3 Rec8 $36 {[%mdl 2048] Black is more active.} 23. Ra1 h5 24. h4 Qe7 25. Ra4 d6 26. Rfa1 {[#]} ({Better is} 26. Bf2 $15) 26... Bf6 $1 $17 27. Bf2 Bxh4 28. g3 Bg5 29. Rxa7 Qc7 {Threatens to win with ...Qc1+!} 30. Rxa8 Rxa8 31. Ra6 (31. Rxa8+ $17 Bxa8 32. Qc4) 31... Bd8 ({Black should try} 31... Bxa6 $19 32. bxa6 Bd8) 32. Kg2 Qc8 33. b4 (33. Ra4 $17) 33... Kg7 34. Kh2 (34. Be3 $142) 34... f5 (34... Bxa6 $19 {has better winning chances.} 35. bxa6 Qc1) 35. exf5 (35. Rxa8 $17 {was worth a try.} Qxa8 36. exf5) 35... Qxf5 $19 ({Resist} 35... Bxa6 36. bxa6 Qxf5 37. Qxf5 gxf5 38. Bb5 $17) 36. Qxf5 gxf5 37. Bxb6 $2 (37. Rxa8 Bxa8 38. Bc4) 37... Bxa6 (37... Bxd5 $2 38. Rxa8 Bxb6 39. Ra6 $18) 38. Bxd8 Bxb5 (38... Rxd8 39. bxa6 f4 40. b5 fxg3+ 41. Kxg3 $18) 39. Bxb5 Rxd8 $17 {KR-KB} 40. Bc6 Kf6 (40... Kg6 $142 41. Kg1 Kg5 42. Kf2 f4 43. gxf4+ Kxf4 44. Bb5 h4 45. Bf1 Ra8 46. Bh3 Ra2+ 47. Ke1 Kf3 48. Bf5 e4 49. Kd1 e3 50. Kc1 e2 51. Kb1 Rd2 52. Bc2 e1=Q+ 53. Ka2 Rxc2+ 54. Kb3 Qe2 55. Ka4 Qa6+ 56. Kb3 Qa2#) 41. b5 Rg8 42. b6 Rg4 0-1

[Event "32nd Reykjavik Open 2017"]
[Site "Reykjavik"]
[Date "2017.04.27"]
[Round "10"]
[White "Guramishvili, Sopiko"]
[Black "Thorfinnsson, Bragi"]
[Result "0-1"]
[WhiteElo "2363"]
[BlackElo "2457"]
[Annotator "TA"]
[PlyCount "94"]
[EventDate "2017.??.??"]
[EventType "swiss"]
[EventCountry "ISL"]
[SourceTitle "playchess.com"]
[Source "ChessBase"]
[SourceQuality "1"]

{[%evp 10,94,17,14,16,21,14,16,45,34,62,73,60,60,91,54,48,26,83,52,45,47,58,45,33,27,23,30,10,0,0,0,0,0,20,18,12,-8,-11,-41,-41,-43,-56,-215,-179,-520,-522,-507,-497,-490,-488,-479,-468,-537,-434,-434,-404,-638,-602,-686,-670,-654,-656,-613,-561,-528,-461,-446,-435,-442,-436,-429,-421,-396,-400,-618,-502,-668,-656,-870,-862,-1012,-1012,-1008,-994,-1150,-1156]} 1. d4 Nf6 2. c4 e6 3. Nc3 Bb4 4. f3 c5 5. d5 exd5 6. cxd5 O-O {E20: Nimzo-Indian: 4 g3 and 4 f3} (6... d6 7. e4 O-O 8. Nge2 Nh5 9. g4 Qh4+ 10. Kd2 Nf6 11. Qe1 Qxe1+ 12. Kxe1 Nbd7 13. Ng3 Ne5 14. Kf2 Bd7 15. Bg5 Ba5 16. Bxf6 gxf6 {1-0 (49) Swayams,M (2473)-Petkov,V (2515) Rome 2016}) 7. Nh3 d6 8. Nf2 Qe7 $146 {The position is equal.} (8... Nbd7 9. e4 Ne5 10. Be2 Rb8 11. O-O Bxc3 12. bxc3 b5 13. Bg5 h6 14. Bh4 {½-½ (23) Yudkevich,M (2200)-Rumjantsev,J (2129) Kimry 2012}) 9. e4 Ne8 10. Be2 a6 11. O-O f5 12. exf5 Bxf5 13. f4 b5 (13... Nc7 $11) 14. a4 bxa4 15. Rxa4 Nc7 16. Bf3 Nd7 17. Na2 a5 18. Nxb4 axb4 19. Rxa8 Rxa8 20. Re1 Qf8 21. g4 Bb1 22. f5 Nb5 {[%cal Bc7b5,Bb5d4,Bd4e2][%mdl 32] Strongly threatening ...Nd4.} 23. Bf4 Nd4 {White must now prevent ...Bc2.} 24. Bg2 Bc2 25. Qd2 Nb6 {[%cal Bd7b6,Bb6c4,Bc4b2][%mdl 32]} 26. Qe3 $2 (26. Ne4 $15) 26... Nc4 $36 {[%mdl 2048] Black is on the roll.} 27. Qg3 $2 {[#]} (27. Qc1 {is more resistant.}) 27... Ra1 $1 {[%mdl 512]} 28. Rxa1 Ne2+ 29. Kf1 Nxg3+ 30. hxg3 Nxb2 31. Be4 Ba4 32. Kg2 Qe8 33. Bxd6 {[#]} (33. f6 $142 gxf6 34. Rh1) 33... Nd1 $1 {[%mdl 512]} 34. Bf3 (34. Rxd1 Bxd1) 34... Ne3+ 35. Kg1 Nc2 36. Rb1 Qe3 37. Be4 Na3 38. Bf4 Qd4 39. Re1 Qc3 40. Rc1 {[#]} Nc2 $1 ({Resist} 40... Qd4 41. Re1 $19) 41. d6 {Threatens to win with d7!} b3 {[%cal Bb4b3,Bb3b2][%mdl 32]} 42. Rd1 (42. Kg2 $142) 42... Nd4 {Black is clearly winning.} 43. Kg2 b2 44. Bd5+ Kf8 45. Rh1 Bc6 46. Bxc6 Nxc6 47. Rd1 Qc2 0-1

[Event "32nd Reykjavik Open 2017"]
[Site "Reykjavik"]
[Date "2017.04.27"]
[Round "10"]
[White "Kavutskiy, Konstantin"]
[Black "Firat, Burak"]
[Result "1-0"]
[WhiteElo "2347"]
[BlackElo "2503"]
[Annotator "TA"]
[PlyCount "95"]
[EventDate "2017.??.??"]
[EventType "swiss"]
[EventCountry "ISL"]
[SourceTitle "playchess.com"]
[Source "ChessBase"]
[SourceQuality "1"]

{[%evp 29,95,26,28,22,44,39,47,39,68,8,29,35,37,38,31,27,77,76,113,114,93,0,271,111,95,97,70,79,292,279,288,276,284,262,286,260,279,213,210,199,377,264,268,273,264,264,268,268,303,278,336,273,812,827,823,813,782,782,752,729,808,808,5611,5122,5106,5106,29971,29971]} 1. d4 Nf6 2. c4 e6 3. Nf3 b6 4. g3 Ba6 5. b3 c6 6. Bg2 Bb4+ 7. Bd2 Be7 8. O-O O-O 9. Bc3 d5 10. Ne5 Nfd7 11. Nxd7 Nxd7 12. Nd2 b5 13. Re1 bxc4 {E15: Queen's Indian: 4 g3 sidelines, 4 g3 Ba6 and 4 g3 Bb7 early deviations} 14. bxc4 Nb6 15. c5 Nc4 {LiveBook: 9 Games. White has an edge.} 16. Rb1 $146 (16. e4 Nxd2 17. Qxd2 dxe4 18. Bxe4 Qd7 19. Rab1 Rab8 20. Qc2 g6 21. Rxb8 Rxb8 {½-½ (45) Timman,J (2630)-Huebner,R (2620) Sarajevo 1991}) 16... Qc7 17. e4 Rab8 18. exd5 {Hoping for Rxb8.} exd5 19. Nf3 (19. Rxb8 $1 $14 Rxb8 20. Bf1) 19... Rbe8 20. Bf1 Bf6 21. Ne5 Bxe5 22. dxe5 Qc8 23. Qh5 Na3 24. Bh3 Qc7 25. e6 (25. Rb4 $16) 25... fxe6 $2 {[%mdl 8192]} (25... Nxb1 $11 {and Black is okay.} 26. Bxg7 Kxg7 27. Qg5+ Kh8 28. Qf6+ Kg8) 26. Rxe6 (26. Rb3 $18 g6 27. Qd1) 26... Qf7 $16 27. Qxf7+ $40 {[%mdl 128] White is out for blood.} Kxf7 28. Rbe1 Rxe6 $2 (28... Bc4 $16) 29. Bxe6+ $18 Kg6 {[#]} 30. Bxd5 $1 {[%mdl 512]} cxd5 31. Re6+ Kf5 32. Rxa6 {[%mdl 4096] Endgame KRB-KRN} Nc2 33. Rd6 Ke4 34. c6 {[%cal Bc5c6,Bc6c7][%mdl 32] And now c7 would win.} Nd4 $2 (34... Rc8 35. Bxg7 Nb4) 35. Bxd4 Kxd4 {KR-KR} 36. c7 {Black must now prevent Rd8.} Rc8 37. Rc6 g5 38. Kf1 Kd3 39. Ke1 h5 40. Kd1 h4 $2 (40... g4 41. a3 Ke4) 41. g4 d4 42. Rc5 Ke4 43. Ke2 {White threatens f3+ and mate.} d3+ 44. Kd2 h3 {[#]} 45. f3+ $1 {[%mdl 512]} Kxf3 46. Kxd3 Kxg4 47. Ke4 a5 48. a4 1-0